| 000 | 01231nam a2200385 a 4500 | ||
|---|---|---|---|
| 999 |
_c6874 _d6874 |
||
| 001 | 6874 | ||
| 003 | BD-JhCC | ||
| 005 | 20180131124525.0 | ||
| 008 | 180131s2009 oncach b 000 fdeng d | ||
| 020 | _a9781551117843 | ||
| 020 | _a1551117843 | ||
| 029 | 0 |
_aNLC _b20099038161 |
|
| 035 | _a(BD-JhCC)6874 | ||
| 035 | _a(OCoLC)426221984 | ||
| 040 |
_aBD-JhCC _cNLC _dBD-JhCC _dC#P |
||
| 041 | _aeng | ||
| 050 | 4 |
_aPR6005.O4 _bS4 2009 |
|
| 055 | 0 |
_aPR6005 O4 _bS4 2009 |
|
| 055 | 0 | 0 |
_aPR6005 O4 _bS39 2009 |
| 082 | 0 |
_a823/.912 _222 _bCON 1907 |
|
| 090 | 4 |
_aPR6005.O4 _bS4 2009 |
|
| 099 | _aPR6005.O4 S4 2009 | ||
| 100 | 1 |
_aConrad, Joseph, _d1857-1924. |
|
| 245 | 1 | 4 |
_aThe secret agent / _cJoseph Conrad ; edited by Tanya Agathocleous. |
| 260 |
_aPeterborough, Ont. : _bBroadview Press, _cc2009. |
||
| 300 |
_a248 p. : _bill., facsim., port. ; _c20cm. |
||
| 490 | 1 | _aBroadview editions | |
| 504 | _aIncludes bibliographical references: p. 317-320. | ||
| 650 |
_aMation Picture _zEnglish |
||
| 700 | 1 |
_aAgathocleous, Tanya, _d1970- |
|
| 830 | 0 | _aBroadview editions. | |
| 942 |
_2ddc _cBK |
||
| 949 | 0 |
_4IP _ah _bHUM _cSTACK _o0 _p39080034951407 _x01 _hPR6005.O4 S4 2009 |
|